000 00784 a2200181 4500
003 Nust
005 20170207153154.0
040 _cNust
082 _a005.8
100 _aKhan, Muhammad Usman Shahid ( MSIS-4)
245 _aDeveloping SCA compliant security component and converting existing communication system into SCA-compliant SDR using OSSIE
_cMuhammad Usman Shahid Khan
260 _bMCS (NUST)
_c2008
_aRawalpindi
300 _aviii, 48 p.
505 _aIntroduction (page-1) Literature review (page-4) methodogly (page-13) Converting existing communication system into SCA-Compliant system (page-20) Design and implementation (page-24) Operation results and analysis (page-30) Conclusion (page-35)
538 _aAlmirah No 70 Shelf No 4
650 _aPG Thesis
651 _aMSIS-4
942 _cTHS
999 _c180683
_d180683